[Event "Poikovsky Karpov 04th"]
[Site "Poikovsky"]
[Date "2003.04.21"]
[Round "2"]
[White "Zvjaginsev, Vadim"]
[Black "Bologan, Viktor"]
[Result "1/2-1/2"]
[WhiteElo "2664"]
[BlackElo "2663"]
[Annotator "Dautov,R"]
[PlyCount "61"]
[EventDate "2003.04.20"]
[EventType "tourn"]
[EventRounds "9"]
[EventCountry "RUS"]
[EventCategory "16"]
[SourceTitle "CBM 095"]
[Source "ChessBase"]
[SourceDate "2003.07.25"]
[SourceVersion "1"]
[SourceVersionDate "2003.07.25"]
[SourceQuality "1"]

1. d4 Nf6 2. c4 e6 3. Nf3 d5 4. Nc3 Be7 5. Bg5 h6 6. Bh4 O-O 7. e3 Ne4 8. Bxe7
Qxe7 9. Rc1 c6 10. Bd3 Nxc3 11. Rxc3 dxc4 12. Bxc4 Nd7 13. O-O b6 14. Bd3 c5
15. Be4 Rb8 {Soweit eine bekannte Theorievariante des Lasker-Systems. Weiß tut
sich hier sehr schwer auf der Suche nach einem Minivorteil, und die Textpartie
wird seinen sehr verhaltenen Optimismus nicht gerade vergrößern.} 16. Qa4 (16.
Qc2 a5 (16... Ba6 $1 {(Bologan)} 17. Rc1 Rfc8 $11) 17. Rd1 Rd8 18. Bc6 Bb7 19.
Bxb7 Rxb7 20. Rcd3 Rbb8 21. h3 Rbc8 22. d5 exd5 23. Rxd5 Nf6 24. Rxd8+ Rxd8 25.
Rxd8+ Qxd8 26. a4 Qd5 27. Nd2 Qe6 28. Nc4 $14 {Khalifman,A-Korneev,O/Lanzarote
2003}) 16... Nf6 $1 $146 {[%mdl 8] Diese wichtige Neuerung scheint alle
schwarzen Entwicklungsprobleme zu lösen.} (16... Bb7 17. Bxb7 Rxb7 18. Qc2 a5
$1 (18... Rc8 19. Rc1 Rbc7 20. b4 $14 {Kramnik,V-Kasparov,G/Las Palmas 1996})
19. Rd1 Re8 20. h3 e5 21. dxe5 Nxe5 22. Nxe5 Qxe5 23. Rcd3 Rbe7 24. Rd5 $14 {
1/2-1/2 Anand,V-Kramnik,V/Monte Carlo 2001}) 17. Bc6 ({Nach} 17. Bb1 {(Kramnik)
} Bb7 $1 (17... Nd5 18. Rcc1 $14 {ist Kramniks Variante.}) 18. dxc5 (18. Qxa7
$2 Nd5 $17 {/\Ra8}) 18... Bxf3 19. gxf3 Nd5 20. Qc2 f5 {steht Schwarz
zumindest nicht schlechter.}) (17. Bd3 Bb7 18. Be2 Ne4 $11) 17... cxd4 18. exd4
(18. Nxd4 e5 $11) 18... a6 19. Ne5 Bb7 20. Rfc1 Nd5 $1 {Gut möglich, daß
Bologan mit diesem Zug nur seiner Heimanalyse folgte, denn die folgenden
Varianten am Brett zu finden wäre nicht leicht.} (20... Rfc8 $5 $11) 21. Bxd5
Bxd5 22. Qxa6 Ra8 23. Qxb6 Qg5 24. g3 Rxa2 {Soweit alles forciert. Es droht
Qg5-d2, und Weiß hat nichts Besseres als den Textzug.} 25. Nd7 Qd2 $1 {[%mdl
64]} 26. Nxf8 {Forciert das Unentschieden, aber 26.Rc8 verspach nicht mehr.} (
26. Rc8 Rxb2 $3 (26... Rxc8 $4 27. Rxc8+ Kh7 28. Nf8+ Kg8 29. Nxe6+ Kh7 30.
Nf8+ Kg8 31. Ng6+ Kh7 32. Rh8#) 27. Rxf8+ $2 {Dieser Gewinnversuch ist
nachteilig für Weiß, richtig ist 27.Qxb2!} (27. Qxb2 $1 Qxb2 28. Nxf8 $11)
27... Kh7 28. Rh8+ (28. Qxb2 Qxb2 29. Rfc8 h5 $1 $15) 28... Kg6 29. Ne5+ Kh5
30. Qxb2 (30. g4+ $2 Kh4 31. Qd8+ Kh3 32. Rf1 Qf4 $19) 30... Qxb2 $17) 26...
Rxb2 27. Qxb2 Qxb2 28. Rc8 Bb7 29. Nxe6+ Bxc8 30. Rxc8+ Kh7 31. Nf8+ 1/2-1/2

[Event "Miskolc"]
[Site "Miskolc"]
[Date "2004.03.19"]
[Round "9"]
[White "Portisch, Lajos"]
[Black "Prusikin, Michael"]
[Result "1-0"]
[WhiteElo "2573"]
[BlackElo "2519"]
[Annotator "Dautov,R"]
[PlyCount "81"]
[EventDate "2004.03.10"]
[EventType "tourn"]
[EventRounds "9"]
[EventCountry "HUN"]
[EventCategory "12"]
[SourceTitle "CBM 100"]
[Source "ChessBase"]
[SourceDate "2004.06.01"]
[SourceVersion "1"]
[SourceVersionDate "2004.06.01"]
[SourceQuality "1"]

1. d4 Nf6 2. c4 e6 3. Nf3 d5 4. Nc3 Be7 5. Bg5 h6 6. Bh4 O-O 7. e3 Ne4 8. Bxe7
Qxe7 9. Rc1 c6 10. Bd3 Nxc3 11. Rxc3 dxc4 12. Bxc4 Nd7 13. O-O e5 {Solider und
sicherer ist die andere Entwicklungsmethode, 13...b6.} (13... b6 14. Bd3 c5)
14. Qb1 exd4 {Nicht empfehlenswert ist die Schließung des Zentrums mit 15...e4.
} (14... e4 15. Nd2 (15. Ne5 Nxe5 16. Qxe4 Re8 $11) 15... Nf6 16. Rfc1 Bf5 17.
b4 (17. Bb3 $14) 17... a6 18. Bb3 $14) 15. exd4 Nb6 16. Bb3 ({Vielversprechend
ist ebenfalls} 16. Re1 Qd6 17. Bb3 Bd7 18. Ne5 Nd5 19. Rg3 Rae8 20. Qe4 $36 {
Ritson Morry,W-Jones,J/Chester 1952}) 16... Qd6 (16... Qf6 17. Re1 Bf5 18. Qc1
Rfe8 19. Ne5 Be6 20. Rce3 Rad8 $2 21. Nxf7 $1 {1-0 Keres,P-Arulaid,A/Tartu 1953
}) 17. Qe4 $5 {/\Bc2} (17. Re1 $5) 17... Be6 $1 {Der weiße Königsangriff nimmt
konkrete Formen an, deswegen ist der Übergang in ein schlechteres Endspiel
noch das kleinste Übel für Schwarz.} (17... Bd7 18. Bc2 f5 19. Bb3+ Kh7 20. Qh4
Qf6 21. Qxf6 Rxf6 22. Re1 Rd8 23. Rce3 f4 24. Re7 $14 {Najdorf,M-Medina Garcia,
A/Barcelona 1946}) (17... Be6 18. Bxe6 Qxe6 19. Qxe6 fxe6 20. Re1 Rf6 21. Rb3
Rd8 22. a4 Rd7 23. a5 Nd5 24. Ne5 Rc7 25. g3 $14 {Bolbochan,J-Maderna,C/Mar
del Plata 1952}) 18. Bxe6 (18. Bc2 $6 f5) 18... Qxe6 19. Qxe6 fxe6 20. Re1 $14
{Weiß hat einen minimalen aber langfristigen Vorteil, seine Figuren sind
aktiver und der schwarze Isolani e6 ist schwächer als der weiße auf d4.} Rae8
$6 {Genauer ist 20...Rf6.} (20... Rf6 21. Rb3 Rd8 22. a4 Rd7 23. a5 Nd5 24. Ne5
Rc7 25. g3 Rf8 26. Rc1 Ne7 27. Rc4 Rd8 28. Rcb4 Rb8 $14 {Bolbochan,J-Maderna,C/
Mar del Plata 1952}) 21. Ra3 $1 Nc8 22. g3 Nd6 23. Kg2 Nb5 24. Rb3 Re7 $2 {
[%mdl 8192] Zweifelsohne ein Einsteller. Nach 24...Rd8 hätte Schwarz eine
spielbare Stellung.} (24... Rd8 25. Re4 (25. Rxe6 Nxd4 26. Nxd4 Rxd4 27. Rxb7
Rd2 28. Rg6 Rfxf2+ 29. Kh3 Rxh2+ 30. Kg4 h5+ 31. Kg5 Rd5+ 32. Kf4 Rf2+ 33. Ke4
Rf7 $11) 25... Rf6 $14) 25. d5 $1 $16 {Mit diesem Durchbruch wird Weiß seine
Schwäche los und gewinnt dazu einen gegnerischen Bauern.} Rd8 (25... Rf6 26. a4
Nd6 27. dxc6 bxc6 28. Rc1 $16) 26. a4 Nc7 (26... Nd6 27. dxe6 Rde8 28. Rbe3 $16
) 27. dxc6 bxc6 28. Rc1 e5 29. Rxc6 e4 30. Nh4 Nd5 31. Nf5 Rf7 32. Rd6 $1 Rxd6
33. Nxd6 Rc7 34. Rb8+ Kh7 35. Rb7 $1 {Der Übergang in das Springerendspiel
gewinnt am schnellsten.} Rxb7 36. Nxb7 Kg6 37. Nd6 e3 38. f4 Nb4 39. Kf3 Nd3
40. Nc4 Nc5 41. a5 1-0

[Event "Poikovsky Karpov 04th"]
[Site "Poikovsky"]
[Date "2003.04.24"]
[Round "5"]
[White "Lputian, Smbat G"]
[Black "Onischuk, Alexander"]
[Result "0-1"]
[WhiteElo "2638"]
[BlackElo "2647"]
[Annotator "Dautov,R"]
[PlyCount "80"]
[EventDate "2003.04.20"]
[EventType "tourn"]
[EventRounds "9"]
[EventCountry "RUS"]
[EventCategory "16"]
[SourceTitle "CBM 095"]
[Source "ChessBase"]
[SourceDate "2003.07.25"]
[SourceVersion "1"]
[SourceVersionDate "2003.07.25"]
[SourceQuality "1"]

1. d4 Nf6 2. c4 e6 3. Nf3 d5 4. Nc3 Be7 5. Bg5 h6 6. Bh4 O-O 7. e3 Ne4 8. Bxe7
Qxe7 9. Rc1 c6 10. Qc2 ({Mehr verspricht Weiß} 10. Bd3 Nxc3 11. Rxc3) 10...
Nxc3 11. Qxc3 Nd7 12. cxd5 {Recht anspruchslos gespielt. Die Karlsbader
Bauernstruktur ist bekannterweise gut für Schwarz, wenn ein paar Leichtfiguren
bereits abgetauscht sind.} (12. Bd3 dxc4 13. Bxc4 b6 $11) 12... exd5 $11 13.
Bd3 Nf6 14. O-O Re8 (14... Ne4 15. Bxe4 dxe4 16. Nd2 Bg4 17. Qc5 Qe6 18. h3 Be2
19. Rfe1 Bb5 20. Qa3 b6 21. Qb3 Qxb3 22. Nxb3 f5 23. Rc3 Rad8 24. Nd2 Rd5 25.
Ra1 Rf6 26. a4 Bd3 27. a5 c5 $11 {Chuchelov,V-Korneev,O/Germany 1992}) (14...
a5 15. a3 a4 16. Qc2 Be6 17. Nd2 Nd7 18. f4 Nf6 19. Nf3 Bc8 20. Ne5 Ng4 21. Rf3
Re8 22. h3 Nf6 23. g4 Ne4 24. Bxe4 dxe4 25. Rg3 $14 {Gausel,E-Nielsen,P/Bergen
2000}) 15. Nd2 (15. b4 Ne4 $11) 15... a5 16. Qc5 Be6 17. Qxe7 Rxe7 18. Rc3 Ne8
$1 {[%mdl 32] Eine typische Überführung in "Karlsbader" Stellungen. Der
schwarze Springer nimmt von d6 aus am Geschehen an den beiden Flügeln teil.}
19. Rfc1 Nd6 20. Ra3 Bd7 $1 21. Rc5 $2 {Mit großem Eifer versucht Weiß, den
Damenflügel des Gegners zu schwächen - und gerät dabei plötzlich in eine
schlechtere Stellung. Kein Wunder, denn die Idee b7-b5 nebst Nd6-c4 gehört zum
typischen Vorgehen von Schwarz in "Karlsbader" Stellungen.} b5 $1 22. b4 {
Bereits erzwungen, sonst wird der weiße Turm auf b3 abgeklemmt.} (22. Rc1 b4
23. Rb3 Ne4 $1 24. Bxe4 dxe4 25. Nc4 Be6 26. a3 Rb7 $15) 22... Nb7 23. Rc2 Ree8
$15 24. Rb3 $2 {Für sich selbst unerwartet in Nachteil geraten, verteidigt
sich Lputian nicht zäh genug.} ({Mit} 24. bxa5 $1 Nxa5 25. Nb3 $1 Nxb3 (25...
Nc4 26. Rxa8 Rxa8 27. Nc5 Bc8 $11) 26. Rxb3 Ra4 27. Kf1 Rea8 28. Rbb2 $15 {
konnte Weiß seinen Hauptfeind, den schwarzen Springer, abtauschen und eine
etwas schlechtere, aber remisliche Stellung erreichen.}) 24... axb4 (24... Nd6
$5 $15) 25. Rxb4 Ra3 26. Rb3 Ra7 {/\Nb3-c5} 27. Rbb2 Nd6 28. g4 $2 {Übersieht
den 31. Zug von Schwarz.} (28. Nb3 Nc4 29. Bxc4 dxc4 30. Nc5 Bf5 $17) ({
Besser war} 28. Nb1 $1 Rea8 29. Nc3 $15) 28... Nc4 29. Nxc4 dxc4 30. Bf5 Bxf5
31. gxf5 Rd8 $1 $19 {Auf diese Weise gewnnt Schwarz einen Bauern bei klar
überlegener Stellung.} 32. Rb4 Rd5 33. a4 Rxf5 34. axb5 cxb5 35. e4 (35. Rcb2
Ra5 $19) 35... Rf4 36. Rxb5 Rg4+ 37. Kf1 Ra1+ 38. Ke2 Rxe4+ 39. Kf3 Rxd4 40.
Rb4 Ra3+ (40... Ra3+ 41. Kg2 Rg4+ 42. Kf1 Ra1+ 43. Ke2 Rh1 $19) 0-1

[Event "Mario Covas 3rd"]
[Site "Santos"]
[Date "2003.04.27"]
[Round "7"]
[White "Leitao, Rafael Duailibe"]
[Black "Morovic Fernandez, Ivan"]
[Result "1/2-1/2"]
[WhiteElo "2533"]
[BlackElo "2551"]
[Annotator "Dautov,R"]
[PlyCount "64"]
[EventDate "2003.04.22"]
[EventType "tourn"]
[EventRounds "10"]
[EventCountry "BRA"]
[EventCategory "12"]
[SourceTitle "CBM 095"]
[Source "ChessBase"]
[SourceDate "2003.07.25"]
[SourceVersion "1"]
[SourceVersionDate "2003.07.25"]
[SourceQuality "1"]

1. d4 Nf6 2. c4 e6 3. Nf3 d5 4. Nc3 Be7 5. Bg5 h6 6. Bh4 O-O 7. e3 Ne4 8. Bxe7
Qxe7 9. Rc1 c6 10. Bd3 Nxc3 11. Rxc3 dxc4 12. Bxc4 Nd7 13. O-O e5 {Ob nach dem
Textzug oder nach 13...b6 - der Weg zum Ausgleich im Lasker-System scheint für
Schwarz nach den letzten Erkentnissen recht unproblematisch zu sein.} (13... b6
) 14. Bb3 exd4 (14... e4 15. Nd2 Nf6 16. Rc5 $14) (14... Rd8 15. Re1 exd4 16.
Qxd4 Nf8 17. Qe5 Qxe5 18. Nxe5 Be6 19. Rec1 Nd7 20. Bxe6 Nxe5 $11 {Zvjaginsev,
V-San Segundo Carrillo,P/Ohrid 2001}) 15. exd4 Rd8 $1 {[%mdl 256] Der beste
Zug. Schwarz führt seinen Springer nach f8, um den weißen Läufer mit Bc8-e6
abtauschen zu können.} 16. Re1 Qd6 17. Rce3 $146 (17. Qe2 Nf8 18. Qe7 Ne6 19.
Qh4 Nf8 $1 {(I.Donev)} (19... Qf4 $2 20. Qxd8+ $3 Nxd8 21. Re8+ Kh7 22. Rxd8
$16 {Zakharevich-Biriukov/Petroff mem 2000}) 20. Qh5 Be6 $11) (17. h3 Nf8 18.
Ne5 Be6 19. Qh5 Qe7 20. Nf3 Rd6 21. Qc5 Qd8 22. Qb4 Qc7 23. Rce3 Rad8 24. Qa3
a6 25. Bc2 Rd5 $11 {Gyimesi-Horvath,J/Elekes mem 2000}) (17. d5 cxd5 18. Qxd5
Qxd5 19. Bxd5 Nf8 $11) 17... Nf8 18. Ne5 (18. Re7 $2 Ne6 19. Bxe6 fxe6 $19)
18... Be6 19. Qh5 Bxb3 {Der einzige Zug, der jedoch zum Ausgleich vollkommen
genügt.} (19... Qe7 $2 20. Nxf7 Qxf7 21. Bxe6 Nxe6 22. Qxf7+ Kxf7 23. Rxe6 $16)
(19... Qc7 $2 20. Nxf7 Bxb3 $2 (20... Qxf7 $16) 21. Re7 $18) (19... f6 $4 20.
Nf7 $18) 20. Rxb3 Qc7 $11 21. Qg4 Ne6 ({Mit} 21... Rd6 $1 22. Rf3 Re8 $15 {
hätte Schwarz sogar bessere Chancen bekommen können.}) 22. Nxf7 Qxf7 23. Rxe6 (
23. Qxe6 Qxe6 24. Rxe6 Rxd4 $11) 23... Rxd4 24. Qxd4 Qxe6 25. h4 Qf7 26. Re3
Rf8 27. Rf3 Qxa2 28. Rxf8+ Kxf8 29. Qb4+ Kg8 30. Qxb7 a5 31. Qxc6 Qb1+ 32. Kh2
Qxb2 1/2-1/2

[Event "EU-ch 2nd"]
[Site "Ohrid"]
[Date "2001.06.02"]
[Round "2"]
[White "Zvjaginsev, Vadim"]
[Black "San Segundo Carrillo, Pablo"]
[Result "1/2-1/2"]
[WhiteElo "2627"]
[BlackElo "2508"]
[Annotator "Dautov,R"]
[PlyCount "73"]
[EventDate "2001.06.01"]
[EventType "swiss"]
[EventRounds "13"]
[EventCountry "YUG"]
[SourceTitle "CBM 084"]
[Source "ChessBase"]
[SourceDate "2001.09.13"]
[SourceVersion "1"]
[SourceVersionDate "2001.09.13"]
[SourceQuality "1"]

1. c4 e6 2. Nc3 d5 3. d4 Be7 4. Nf3 Nf6 5. Bg5 h6 6. Bh4 O-O 7. e3 Ne4 8. Bxe7
Qxe7 9. Rc1 Nxc3 10. Rxc3 c6 11. Bd3 dxc4 12. Bxc4 Nd7 13. O-O e5 {Das
Lasker-System ist bekannt für seine Sicherheit. Schwarz bekommt fast in jeder
Variante eine leicht schlechtere Stellung mit den besten Aussichten
auszugleichen.} 14. Bb3 Rd8 $1 {Plant den Tausch auf d4 und anschließend
Nd7-f8.} (14... exd4 15. exd4 Nf6 16. Re1 $14) (14... Re8) (14... e4 15. Nd2)
15. Re1 (15. Qb1 exd4 16. exd4 Nf8 17. Re1 Be6 18. Qf5 Qf6 19. Qxf6 gxf6 20.
Re4 Rd7 21. Rf4 Bxb3 22. Rxb3 Re8 23. Rxf6 Rxd4 $11 {Stahlberg,G-Gligoric,S/
Saltsjobaden 1952}) (15. Qc2 exd4 16. exd4 Nf8 17. Re1 Be6 18. h3 Rd6 19. Rce3
Bxb3 20. Qxb3 Ne6 $11 {Izeta Txabarri,F-Bezgodov,A/Tunis 1997}) 15... exd4 16.
Qxd4 {Dies bereitet Schwarz keinerlei Schwierigkeiten.} ({Aber auch nach} 16.
exd4 Qd6 {sehe ich für Weiß keine Möglichkeit, dem einfachen gegnerischen Plan
etwas entgegenzustellen.} {Nach} 17. Qe2 (17. h3 Nf8 18. Ne5 Be6 $11) (17. d5
cxd5 18. Qxd5 Qxd5 19. Bxd5 Nf8 20. Bb3 {1/2-1/2 Zakharevich,I-Bezgodov,A/Perm
1997} Be6 $11) 17... Nf8 18. Qe7 Ne6 19. Qh4 {sollte Schwarz kaltblütig} Nf8 $1
{fortsetzen (I.Donev)} (19... Qf4 $2 20. Qxd8+ $3 Nxd8 21. Re8+ Kh7 22. Rxd8
$16 {Zakharevich-Biriukov/Petroff mem 2000}) 20. Qh5 Be6 $11) 16... Nf8 17. Qe5
Qxe5 18. Nxe5 Be6 $11 {Schwarz steht mindestens nicht schlechter.} 19. Rec1 Nd7
(19... Rd2 $11) 20. Bxe6 Nxe5 21. Bf5 g6 22. Be4 Rd2 {Weiß muß bereits sehr
auf der Hut sein, da Schwarz die einzige offene Linie unter Kontrolle hat.} 23.
f4 (23. R3c2 Rad8 24. Kf1 f5 25. Rxd2 Rxd2 26. Bc2 Nd3 (26... Ng4 27. h3 $1)
27. Bxd3 Rxd3 28. Ke2 Rd5 $11) 23... f5 $1 24. Bc2 Ng4 25. e4 (25. h3 Nf6 $11)
25... fxe4 26. Rg3 h5 27. h3 $2 ({Besser sah} 27. Bxe4 {aus:} Rad8 28. Rf1 Kg7
29. h3 Nf6 30. Bxg6 (30. Rxg6+ Kf7) 30... h4 31. Rg5 Rxb2 32. Re1 Nd5 $11)
27... Nf2 $1 28. Rxg6+ Kh7 29. Rg5 (29. Re6 $2 Rg8 30. Kf1 Nd3 31. Bxd3 exd3
$17) 29... Kh6 30. Rf1 $2 {Ein ernsthafter Fehler. Weiß sollte unbedingt den
aktiven gegnerischen Turm von der zweiten Reihe verdrängen.} (30. Kf1 $1 Rf8
31. Ke1 Rd7 32. g3 Nxh3 33. Re5 h4 $15) 30... Rf8 $1 $17 {Mit diesem
taktischen Stich gewinnt Schwarz den Bauern f4.} 31. Bb3 (31. Rxf2 $2 Rxf2 32.
Kxf2 Rxf4+ $19) 31... Rxf4 32. Re5 Rxb2 33. Re6+ Kg5 34. Re5+ Kg6 35. Re6+ Kg5
{Diese Einwilligung in die Zugwiederholung ist nur mit großer Nervosität in
Zeitnot zu erklären.} ({Nach} 35... Kf5 $1 36. Re7 Nd3 $17 {hätte Schwarz gute
Chancen, die Partie zu gewinnen.}) 36. Re5+ Kg6 37. Re6+ 1/2-1/2

[Event "WchT 6th"]
[Site "Beersheba"]
[Date "2005.11.02"]
[Round "2.1"]
[White "Ivanchuk, Vassily"]
[Black "Onischuk, Alexander"]
[Result "1-0"]
[WhiteElo "2748"]
[BlackElo "2640"]
[Annotator "Dautov,R"]
[PlyCount "107"]
[EventDate "2005.11.01"]
[EventType "team-tourn"]
[EventRounds "9"]
[EventCountry "ISR"]
[SourceTitle "CBM 110"]
[Source "ChessBase"]
[SourceDate "2006.01.31"]
[SourceVersion "1"]
[SourceVersionDate "2006.01.31"]
[SourceQuality "1"]
[WhiteTeam "Ukraine"]
[BlackTeam "US of America"]
[WhiteTeamCountry "UKR"]
[BlackTeamCountry "USA"]

1. d4 Nf6 2. c4 e6 3. Nf3 d5 4. Nc3 Be7 5. Bg5 h6 6. Bh4 O-O 7. e3 Ne4 8. Bxe7
Qxe7 9. Rc1 Nxc3 10. Rxc3 c6 11. Be2 Nd7 12. O-O Re8 {Solider ist 12...dxc4,
was zu den Hauptvarianten führt. Die Einschaltung von Re8 und Qc2 ist eher für
Weiß günstig.} (12... dxc4 13. Bxc4 (13. Rxc4 e5 $11) 13... b6 (13... e5)) 13.
Qc2 dxc4 14. Bxc4 e5 15. d5 $1 Nb6 $146 {Eine vorbereitete Neuerung, die
anderen Züge sind schlechter.} (15... e4 16. Nd4 c5 17. Nb5 Qe5 18. d6 Rf8 19.
Rd1 Nf6 20. Bxf7+ $1 Rxf7 21. Rxc5 Qe8 22. Nc7 Rxc7 23. dxc7 $18 {Gurevich,M 
(2656)-Hamdouchi,H (2588)/Belfort 2003}) (15... c5 16. Rd1 e4 17. d6 Qf6 18.
Nd2 $36 {Gurevich,M}) (15... cxd5 16. Bxd5 Nf6 17. Rc7 $16 {Gurevich,M}) 16.
dxc6 bxc6 17. Rc1 {Besser gefällt mit der Vorschlag von M. Gurevich 17.Bb3.} (
17. Bb3 Bb7 18. Rd1 Rad8 19. Rxd8 Rxd8 20. Qe4 $14 {Gurevich,M}) 17... Nd5 $1 {
Onischuk muss aktiv spielen, um seine Bauernschwächen zu kompensieren.} (17...
Bg4 18. Qe4 Bxf3 19. Qxf3 $14) 18. Rb3 a5 $1 {Schwarz will die etwas
ungeschickte Stellung des Rb3 ausnutzen.} (18... Bg4 $5 19. Be2 (19. Qe4 Bxf3
20. Qxf3 e4 21. Qf5 Rad8 22. h3 Rd6 $11) 19... Rac8 20. Qc4 $14) 19. Qe4 a4 20.
Ra3 Bd7 $5 {Dieses Bauernopfer ist korrekt und sollte zum Ausgleich führen.}
21. Bxd5 cxd5 22. Qxd5 Rab8 23. Rac3 $2 {Gibt den Bauern gleich zurück. Besser
war 23.Qd2, wonach die Aktivität der schwarzen Figuren den geopferten Bauern
kompensieren sollte.} (23. Nxe5 $2 Qxe5 24. Qxd7 Qxb2 25. Rac3 Qxa2 $15) (23.
Qd2 $1 Red8 24. Qc2 e4 (24... Rb6 $5) 25. Nd2 (25. Nd4 Qb4 $44) 25... f5 26.
Nc4 Bb5 27. Rc3 Qf6 28. b3 axb3 29. axb3 Rd7 $44) 23... Bg4 $2 ({Nichts sprach
gegen} 23... Rxb2 $1 24. Rc7 Rd8 25. Rd1 Rbb8 $1 $11) 24. b3 axb3 25. axb3 $14
{Nun hat Weiß einen Mehrbauern und aktive Figuren.} Rb4 26. Ne1 Rd8 27. Qa5
Rdb8 28. h3 R4b5 29. Qa1 Be6 30. Nf3 Bxb3 $2 (30... Qe8 $1 31. Rc5 f6 32. Nd2
$14) 31. Rc8+ Rxc8 $2 {Der entscheidende Fehler. Schwarz durfte auf keinen
Fall die weißen Figuren auf die 8. Reihe kommen lassen.} (31... Kh7 32. R1c7
Qe6 33. Rxb8 Rxb8 34. Nxe5 $16) 32. Rxc8+ Kh7 33. Qa8 $18 {Der weiße Angriff
ist nicht zu stoppen.} Rd5 34. Qb8 Ba4 35. e4 Rb5 36. Rh8+ Kg6 37. Qg8 Rb1+ 38.
Kh2 Bd7 39. Qh7+ Kf6 40. Rg8 Ke6 41. Qxg7 Qf6 42. Qg3 Rb5 43. Ra8 Ke7 44. Qg8
Qf4+ 45. g3 Qxf3 46. Qd8+ Kd6 47. Ra6+ Kc5 48. Qe7+ Kc4 49. Ra4+ Kc3 50. Ra3+
Rb3 51. Qxe5+ Kc2 $2 (51... Kd2 52. Qd5+ Rd3 (52... Ke1 53. Qa5+ $1 Kxf2 54.
Qd2+ $18) 53. Qa2+ Ke1 54. Qb1+ Kd2 55. Ra2+ Kc3 56. Rc2+ Kd4 57. Qb2+ Kxe4 58.
Rc5 Rd5 59. Rc3 Rd3 60. Qb7+ $18) 52. Ra2+ Kc1 53. Qa1+ Rb1 54. Qd4 1-0

[Event "Geneve op"]
[Site "Geneve"]
[Date "1997.??.??"]
[Round "4"]
[White "Dautov, Rustem"]
[Black "Ekstroem, Roland"]
[Result "1/2-1/2"]
[WhiteElo "2590"]
[BlackElo "2465"]
[Annotator "Dautov,R"]
[PlyCount "60"]
[EventDate "1997.01.??"]
[EventType "swiss"]
[EventRounds "9"]
[EventCountry "SUI"]
[SourceTitle "CBM 057"]
[Source "ChessBase"]
[SourceDate "1997.04.01"]
[SourceVersion "1"]
[SourceVersionDate "1997.04.01"]
[SourceQuality "1"]

1. d4 d5 2. c4 e6 3. Nf3 Nf6 4. Nc3 Be7 5. Bg5 h6 6. Bh4 O-O 7. e3 Ne4 8. Bxe7
Qxe7 9. Rc1 c6 10. Bd3 Nxc3 11. Rxc3 Nd7 12. O-O dxc4 13. Bxc4 b6 14. Bd3 c5
15. Bb5 (15. Be4 Rb8 16. Qa4 Bb7 17. Bxb7 Rxb7 18. Qc2 Rc8 19. Rc1 Rbc7 20. b4
$14 {Kramnik-Kasparov/Las Palmas 1996}) 15... Rd8 16. Bc6 Ba6 (16... Rb8 17.
Qc2 (17. Qa4 cxd4 18. exd4 a5 $10) 17... cxd4 18. Nxd4 e5 19. Nf5 Qf6 20. Rd1
Nc5 21. Rxd8+ Qxd8 22. Ng3 Be6 23. b4 Rc8 24. Bf3 Na6 25. a3 Rxc3 26. Qxc3 Qc7
27. Qd2 Nb8 $10 {Smyslov,V-Kasparov,G (6)/Vilnius cf 1984}) 17. Bxa8 Bxf1 18.
Kxf1 (18. Qxf1 Rxa8 19. Qa6 e5 20. Qb7 Re8 21. dxc5 Nxc5 $10 {Ftacnik,
L-Spassky,B/Gjovik 1983}) (18. Bc6 $142 Ba6 19. Qa4) 18... Rxa8 19. Qc2 a5 $1
$10 20. Qe4 (20. Qb3 Qd6 21. Qb5 $6 e5 22. dxe5 Nxe5 $15) 20... Rc8 21. Qb7 Qd8
$1 (21... Rb8 22. Qc7 Qd8 23. Qxd8+ Rxd8 24. Ke2 Kf8 25. Rb3 (25. Kd3 Nf6 $10)
25... cxd4 26. exd4 Ke7 $10) 22. Qa6 Ra8 23. Qb7 (23. Qd3 cxd4 24. Qxd4 Nc5 $10
) 23... Rb8 24. Qa6 $2 (24. Qe4 $10) 24... cxd4 25. exd4 Nf6 26. Qa7 Ra8 $2 (
26... Nd5 $1 27. Rc6 (27. Ne5 Nxc3 28. Qxf7+ Kh8 29. bxc3 Qe8 $17) (27. Rc1 Rc8
$17) 27... Qe8 $1 28. Ne5 Rd8 $17 {/\f6}) 27. Qb7 Rb8 28. Qa7 Ra8 29. Qb7 Rb8
30. Qa7 Ra8 1/2-1/2